Statistics for Most developed European countries

Click here to take the quiz!

General Stats

  • This quiz has been taken 40 times
  • The average score is 14 of 15

Answer Stats

HintAnswer% Correct
11Germany
100%
10Sweden
100%
15Belgium
97%
8Denmark
97%
6Iceland
97%
7Norway
97%
5Switzerland
97%
9Austria
94%
1Luxembourg
92%
2Monaco
89%
13Netherlands
89%
12San marino
89%
3Andorra
83%
4Liechtenstein
81%
14Malta
72%

Score Distribution

Percentile by Number Answered

Percent of People with Each Score

Your Score History

You have not taken this quiz